Statistics for Asian Cup 2019

Click here to take the quiz!

General Stats

  • This quiz has been taken 6 times
  • The average score is 21 of 24

Answer Stats

HintAnswer% Correct
Group AUnited Arab Emirates
100%
Group AThailand
100%
Group FOman
100%
Group FUzbekistan
100%
Group FJapan
100%
Group ESaudi Arabia
100%
Group EQatar
100%
Group DVietnam
100%
Group DIraq
100%
Group DIran
100%
Group CChina
100%
Group CSouth Korea
100%
Group BSyria
100%
Group BJordan
100%
Group AIndia
100%
Group CKyrgyzstan
83%
Group CPhilippines
83%
Group DYemen
83%
Group BAustralia
83%
Group ELebanon
67%
Group ENorth Korea
67%
Group ABahrain
67%
Group FTurkmenistan
67%
Group BPalestine
33%

Score Distribution

Percentile by Number Answered

Percent of People with Each Score

Your Score History

You have not taken this quiz